| 000 | 00705nam a2200241 a 4500 | ||
|---|---|---|---|
| 008 | |||
| 020 | _a0256119805 (cased) | ||
| 049 | _aMAIN | ||
| 090 | _aHD62.5 | ||
| 100 | 1 | _aDollinger, Marc J. | |
| 245 | 1 | 0 |
_aEntrepreneurship : _bstrategies and resources / _cMarc J. Dollinger. |
| 260 |
_aBurr Ridge, Ill. : _bIrwin, _cc1995. |
||
| 300 |
_axxvii, 702 p. ; _c27 cm. |
||
| 504 | _aIncludes bibliographical references. | ||
| 500 | _aIncludes index. | ||
| 650 | 0 | _aNew business enterprises. | |
| 650 | 0 | _aEntrepreneurship. | |
| 907 |
_a.b10075331 _b02-01-08 _c17-04-03 |
||
| 003 | |||
| 005 | 20230120153116.0 | ||
| 040 | _cNUST | ||
| 942 |
_cBOOKS _kHD62.5 |
||
| 999 |
_c98918 _d98918 |
||